00820nam a2200217 i 450000100060000000300090000600500170001500700030003200800410003510000250007624501600010125000150026126000350027630000220031149000310033370000280036483000390039285200320043199900170046395201220048084742ES-MaACL20230906175106.0t|041123s1964 sp ||||1| cat d1 aJenny, Henry.96631012aL'anuncí de l'Evangelí pels camins del món b: de Jerusalem a Roma : Lectura dels Actes dels Apóstols / cHenry Jenny ; traductor, Just M. Llorens. a[1ª ed.]. aBarcelona : bEstela, c[1964] a157 p. ; c17 cm.1 aConéixer la Biblia ; v31 aLlorens, Just M.9728770 aConéixer la Biblia ; v39183837 aES-MaACLjC-25662 bR.54202 c84742d84742 00104070aATENEOMbATENEOMcDEPO2d2008-01-17eSCl0oC-25662p1088560r2023-02-23 00:00:00w2023-02-23yMONOGRAFIA